000 00418nam a2200169Ia 4500
008 221030s9999 xx 000 0 und d
020 _a818574964
041 _aEnglish
082 _a105.23
_bGup
100 _aB. R. Gupta
245 0 _aDigital Electronics
_cby B. R. Gupta, V. Singhal
260 _bS.K Kataria & Sons
_aDelhi
_c2006
300 _a533
650 _aBE Computer
700 _aV. Singhal
942 _cBK
999 _c3580
_d3580